Estadísticas para Ciudades de más de 100k en la carreterra 99 (California)

Haz click aquí para tomar la prueba!

Estadísticas generales

  • Esta prueba ha sido tomada 16 veces
  • La puntuación promedio es 2 de 7

Estadísticas de respuestas

población (2018)respuesta% Correcto
508,529Sacramento
93%
530,093Fresno
64%
383,579Bakersfield
29%
157,327Madera
14%
215,030Modesto
14%
311,178Stockton
14%
172,886Elk Grove
7%

Distribución de puntuación

Porcentaje por número respondido

Porcentaje de gente con cada puntuación

Historial de tus puntuaciones

No has tomado esta prueba